gminy powiatu garwolińskiego - Statystyki

Ogólne statystyki
  • Ten quiz został rozwiązany 193 razy
  • Średni wynik to 9 z 14
Odpowiedzi na mapie
Odpowiedzi zakodowano w zielono-czerwonej skali na mapie do tego quizu, zgodnie z poniższymi procentami.
 
Statystyki odpowiedzi
Gmina Odpowiedź % Poprawnych
miejska Garwolin
99%
wiejska Garwolin
99%
miejsko-wiejska Piława
80%
miejsko-wiejska Żelechów
76%
miejska Łaskarzew
75%
wiejska Łaskarzew
75%
wiejska Maciejowice
67%
wiejska Sobolew
63%
wiejska Wilga
63%
wiejska Górzno
52%
wiejska Trojanów
52%
wiejska Parysów
43%
wiejska Miastków Kościelny
42%
wiejska Borowie
39%
Nie znaleziono quizów pasujących do podanych kryteriów
Rozkład punktacji
Procent ludzi z każdym wynikiem
Percentyl według liczby udzielonych odpowiedzi
Twoja historia wyników
Nie rozwiązałeś tego quizu